000 00637nam a2200217Ii 4500
001 7852
003 CO-ViMGA
008 241108s9999||||xx |||||||||||||| ||und||
020 _a8422607867
040 _aCO-ViMGA
_bspa
_erda
_cCO-ViMGA
041 0 _aunk
084 _aN SIM3ji
100 1 _aJohannes M. Simmel
_955356
245 1 0 _aY Jimmy se fue al arco iris
264 1 _a[Lugar de publicación no identificado] : Círculo de Lectores, 1976
300 _avolumen
336 _atext
_btxt
_2rdacontent
337 _aunmediated
_bn
_2rdamedia
338 _avolume
_bnc
_2rdacarrier
940 _aidficha_siabuc: 7677. -- ficha_no_siabuc:7852
999 _c52862
_d52862